000 00450nam a2200169Ia 4500
005 20250423094440.0
008 250422s9999 xx 000 0 und d
020 _a0- 03- 008441- 5
050 _aHD69.D4T78
100 _aRichard E. Trueman
245 3 _aAn introductory to quantitative methods for decision making
260 _bHolt, rinehart and winston
260 _c1974
300 _a624 p
650 _aStatistical decision
942 _cBK
999 _c27272
_d27272